Statistics for Czech Republic Immigration by Country

Click here to take the quiz!

General Stats

  • This quiz has been taken 1,030 times
  • The average score is 15 of 20

Answer Stats

# PeopleCountry of Origin% Correct
8,332United Kingdom
98%
21,478Germany
97%
121,278Slovakia
97%
21,767Poland
96%
38,010Russia
95%
145,153Ukraine
92%
4,409France
86%
7,245United States
86%
7,673China
84%
16,824Romania
83%
7,675Hungary
82%
5,682Italy
82%
5,593Serbia
81%
17,183Bulgaria
76%
6,920Belarus
71%
4,923India
67%
61,910Vietnam
62%
5,880Moldova
55%
5,940Kazakhstan
31%
9,844Mongolia
17%

Score Distribution

Percentile by Number Answered

Percent of People with Each Score

Your Score History

You have not taken this quiz